Sports Quiz

Random Sports or Football Quiz

Chinese-hong kong football players Quiz Stats

Quiz not verified by Sporcle

Challenge
Share
Tweet
Embed
Score 0/17 Timer 08:00
0 Plays Today
Year Debut Player Name % Correct
2012Huang Yang
100%
1998Song Lianyong
50%
2008Li Haiqiang
50%
2009Bai He
50%
2010Ju Yingzhi
50%
2000Feng Jizhi
25%
2002Xiao Guoji
25%
2008Gao Wen
25%
2008Xu Deshuai
25%
Year Debut Player Name % Correct
2016Wang Zhenpang
25%
2006Liu Quankun
0%
2008Chao Pengfei
0%
2009Deng Jinghuang
0%
2009Zhang Chunhui
0%
2010Ye Jia
0%
2011Wei Zhao
0%
2012Liu Songwei
0%

You're not logged in!

Compare scores with friends on all Sporcle quizzes.
Join for Free
OR
Log In

You Might Also Like...

Show Comments

Extras

Top Quizzes Today


Score Distribution

Your Account Isn't Verified!

In order to create a playlist on Sporcle, you need to verify the email address you used during registration. Go to your Sporcle Settings to finish the process.

Report this User

Report this user for behavior that violates our Community Guidelines.

Details: